000 00751nam a2200253 a 4500
008
020 _a1850913366 (hbk.)
049 _aMAIN
090 _aHF5549
_bARM
100 1 0 _aArmstrong, Michael.
245 1 2 _aA handbook of personnel management practice /
_cMichael Armstrong.
250 _a3rd ed.
260 0 _aLondon :
_bKogan Page,
_cc1988.
300 _axix, 712 p. :
_bill. ;
_c24 cm.
504 _aIncludes bibliographical references.
500 _aIncludes indexes.
650 0 _aPersonnel management.
653 _aPersonnel management - Manuals.
907 _a.b10156045
_b09-07-12
_c01-03-05
003
005 20240311163413.0
040 _cNUST
942 _cBOOKS
_kHF5549
_mARM
_02
999 _c157283
_d157283